Sportwissenschaft und Sportpraxis. (Record no. 1874)

MARC details
000 -LEADER
fixed length control field 00949cas a2200313 4500
001 - CONTROL NUMBER
control field data
005 - DATE AND TIME OF LATEST TRANSACTION
control field 20260322212122.0
008 - FIXED-LENGTH DATA ELEMENTS--GENERAL INFORMATION
fixed length control field data
035 ## - SYSTEM CONTROL NUMBER
System control number 11238828
010 ## - LIBRARY OF CONGRESS CONTROL NUMBER
LC control number 80643516
016 7# - NATIONAL BIBLIOGRAPHIC AGENCY CONTROL NUMBER
Record control number 010497444
Source Uk
035 ## - SYSTEM CONTROL NUMBER
System control number (OCoLC)6241192
037 ## - SOURCE OF ACQUISITION
Source of stock number/acquisition Verlag Ingrid Czwalina, D-2070 Ahrenburg bei Hamburg
040 ## - CATALOGING SOURCE
Original cataloging agency DLC
Language of cataloging eng
Transcribing agency DLC
Modifying agency OCLCQ
-- DLC
-- UKMGB
-- OCLCO
-- OCLCQ
-- OCLCF
-- OCLCQ
042 ## - AUTHENTICATION CODE
Authentication code pcc
050 00 - LIBRARY OF CONGRESS CALL NUMBER
Classification number GV565
Item number .S36
245 00 - TITLE STATEMENT
Title Sportwissenschaft und Sportpraxis.
260 ## - PUBLICATION, DISTRIBUTION, ETC.
Place of publication, distribution, etc. Ahrensburg bei Hamburg,
Name of publisher, distributor, etc. Czwalina.
300 ## - PHYSICAL DESCRIPTION
Extent volumes
Dimensions 21 cm
336 ## - CONTENT TYPE
Content type term text
Content type code txt
Source rdacontent
337 ## - MEDIA TYPE
Media type term unmediated
Media type code n
Source rdamedia
338 ## - CARRIER TYPE
Carrier type term volume
Carrier type code nc
Source rdacarrier
650 #0 - SUBJECT ADDED ENTRY--TOPICAL TERM
Topical term or geographic name entry element Sports.
650 #7 - SUBJECT ADDED ENTRY--TOPICAL TERM
Topical term or geographic name entry element Sports.
Source of heading or term fast
Authority record control number or standard number (OCoLC)fst01130432
780 00 - PRECEDING ENTRY
Title Schriftenreihe für Sportwissenschaft und Sportpraxis
906 ## - LOCAL DATA ELEMENT F, LDF (RLIN)
a 7
b cbc
c serials
d 3
e ncip
f 19
g n-oclcserc
991 ## -
-- c-GenColl
-- GV565
-- .S36
-- SERIALS
Holdings
Withdrawn status Lost status Damaged status Not for loan Home library Current library Shelving location Date acquired Total checkouts Full call number Barcode Date last seen Price effective from Koha item type
        Troy Troy General stacks 22/03/2026   GV565 LOC-TPL-00006 22/03/2026 22/03/2026 Books